|
|
|
|
| LEADER |
00000nam0a2200000 4500 |
| 001 |
686715 |
| 005 |
20260603162325.0 |
| 090 |
|
|
|a 686715
|
| 100 |
|
|
|a 20260603d1960 km|y0rusy50 ca
|
| 101 |
0 |
|
|a rus
|
| 102 |
|
|
|a RU
|
| 105 |
|
|
|a a j 001yy
|
| 181 |
|
0 |
|a i
|b e
|
| 182 |
|
0 |
|a n
|
| 183 |
|
0 |
|a nc
|2 RDAcarrier
|
| 200 |
1 |
|
|a Приборы для контроля вентиляции шахт
|e учебное пособие
|f Ф. А. Абрамов, А. Ф. Милетич
|
| 203 |
|
|
|a Текст
|b визуальный
|c непосредственный
|
| 210 |
|
|
|a Москва
|c Государственное научно-техническое изд-во литературы по горному делу
|d 1960
|
| 215 |
|
|
|a 276 с.
|c ил.
|
| 283 |
|
|
|a volume
|2 RDAcarrier
|
| 320 |
|
|
|a Литература: с. 270-272
|
| 606 |
|
|
|a Вентиляция рудничная
|x Горное дело
|9 30833
|
| 610 |
1 |
|
|a рудничный воздух
|
| 610 |
1 |
|
|a манометры
|
| 610 |
1 |
|
|a шахты
|
| 610 |
1 |
|
|a рудничный климат
|
| 675 |
|
|
|a 622.42/.46
|v 4
|
| 700 |
|
1 |
|a Абрамов
|b Ф. А.
|g Федор Алексеевич
|
| 701 |
|
1 |
|a Милетич
|b А. Ф.
|g Антон Федорович
|
| 801 |
|
0 |
|a RU
|b 63413507
|c 20260603
|
| 830 |
|
|
|a Ретро2026Каталогизация Мотырева
|
| 850 |
|
|
|a 63413507
|
| 942 |
|
|
|c BK
|